000 00897nam a2200229 a 4500
001 44741
003 BD-RjUL
005 20211209053917.0
008 160720s1957 ii ||||| |||| 00| 0 ben d
020 _c: IRs.2.50
035 _a(BD-RjUL)44859
040 _aBD-RjUL
_bben
_cBD-RjUL
_dBD-RjUL
041 _aben
082 _223
_a891.44209
_bBHN 1957
100 _aভট্টাচার্য্য, সাধনকুমার
_9137174
245 1 0 _aনাটক ও নাটকীয়ত্ব /
_cসাধনকুমার ভট্টাচার্য্য,
260 _aকলিকাতা :
_bজিজ্ঞাসা,
_c১৯৫৭
300 _a[৬], ১২০ পৃ. ;
_c১৭ সেমি.
650 _aবাংলা নাটক
_vইতিহাস ও সমালোচনা
_9123606
650 _aBengali Drama
_vHistory and Criticism
_9117436
942 _2ddc
_cBK
999 _c44741
_d44741